Statistiques concernant olympique lyonnais, meilleurs buteur

Cliquez ici pour prendre le quiz!

Statistiques générales

  • Ce quiz a été pris 112 fois
  • Le résultat moyen est 6 sur 15

Statistiques - réponses

années et nombre de butRéponse% Correct
(2009-2024) 164 butsAlexandre Lacazette
84%
(2001-2009) 100 butsJuninho
80%
(2017-2021) 80 butsMemphis Depay
62%
(2009-2013) 82 butsLisandro López
59%
(1999-2003) 94 butsSonny Anderson
56%
(1960-1974) 222 butsFleury Di Nallo
55%
(1969-1978) 149 butsBernard Lacombe
50%
(2018-2023) 70 butsMoussa Dembélé
46%
(2009-2014) 95 butsBafétimbi Gomis
38%
(1999-2010) 77 butsSidney Govou
38%
(1969-1983) 132 butsSerge Chiesa
26%
(1959-1964) 94 butsNestor Combin
4%
(1967-1971) 76 butsAndré Guy
3%
(1952-1957) 84 butsErnest Schultz
1%
(1980-1985) 78 butsSima Nikolic
0%

Distribution des résultats

Percentile par nombre de réponses

% des personnes avec chaque résultat

Votre développement - résultats

Vous n’avez pas pris ce quiz